000 00435nam a22001097a 4500
008 230605b xxu||||| |||| 00| 0 eng d
082 _a328.365
_bKNA
245 _aReport of the Select Committee Investigating Circumstances Leading to the Death of the Late Dr. The Hon Robert John Ouko, EGH, MP
_bNinth Parliament- Fourth Session (2005)
260 _aNairobi, Kenya
_bKenya National Assembly
_cMarch, 2005
300 _a247p
942 _2ddc
_cBK
999 _c303
_d303